00324nam a2200133Ia 4500003000400000005001700004008004100021040000700062041000800069082001900077245003200096260005400128365000800182OSt20230614145130.0210423s2002 xx 000 0 und d cAL aeng a370223b AIAN aNew fronteirs in education. aNew DelhibNew Fronteirs in Education Trustc2002 cINR